[Event "Corsica Masters KO 2011"]
[Site "Bastia FRA"]
[Date "2011.10.28"]
[Round "1.1"]
[White "Anand, Viswanathan"]
[Black "Massoni, Michael"]
[Result "1-0"]
[WhiteElo "2817"]
[BlackElo "2304"]
[PlyCount "65"]
[EventDate "2011.10.28"]

1. d4 Nf6 2. c4 g6 3. Nc3 d5 4. Bg5 Ne4 5. Bh4 Nxc3 6. bxc3 Bg7 7. cxd5 Qxd5 8.
Nf3 c5 9. e3 Nc6 10. Be2 cxd4 11. cxd4 O-O 12. O-O b6 13. Qa4 e6 14. Rac1 Bb7
15. Rc3 a6 16. Rfc1 Rfc8 17. a3 b5 18. Qd1 Na5 19. Rc5 Qd7 20. Ne5 Bxe5 21.
Rxe5 Kg7 22. Rec5 Bd5 23. Bg3 Nb3 24. Rxc8 Rxc8 25. Rxc8 Qxc8 26. e4 Bc4 27.
Bf3 Qd8 28. d5 exd5 29. exd5 a5 30. d6 Be6 31. h4 Qd7 32. Qe1 Bf5 33. Qc3+ 1-0

[Event "Corsica Masters KO 2011"]
[Site "Bastia FRA"]
[Date "2011.10.28"]
[Round "1.1"]
[White "Melkumyan, Hrant"]
[Black "Grigoryan, Avetik"]
[Result "0-1"]
[WhiteElo "2619"]
[BlackElo "2614"]
[PlyCount "152"]
[EventDate "2011.10.28"]

1. d4 e6 2. Nf3 Nf6 3. c4 d5 4. Nc3 c5 5. cxd5 Nxd5 6. e4 Nxc3 7. bxc3 cxd4 8.
cxd4 Bb4+ 9. Bd2 Bxd2+ 10. Qxd2 O-O 11. Bc4 Nd7 12. O-O b6 13. Rfe1 Bb7 14.
Rad1 Rc8 15. Bb3 Re8 16. h4 h6 17. Qf4 Qc7 18. Qe3 Nf6 19. Rc1 Qe7 20. Nd2 Qb4
21. f3 Red8 22. Rxc8 Rxc8 23. Rb1 Rc3 24. Qf2 Rd3 25. Nc4 Qc3 26. Qb2 Qxd4+ 27.
Qxd4 Rxd4 28. Rc1 Nd7 29. Na3 Nc5 30. Nb5 Rd7 31. Kh2 Ba6 32. Nc3 Kf8 33. Nd1
Ke7 34. Ne3 Rd2 35. Bc2 Bd3 36. Bxd3 Rxd3 37. Nc4 f6 38. h5 Kd7 39. Rc2 Kc6 40.
e5 b5 41. exf6 gxf6 42. Nd2 Kd5 43. Nf1 a5 44. Kg3 b4 45. Kf4 Rd4+ 46. Kg3 Rd3
47. Kf4 Kc6 48. Nh2 Rd4+ 49. Ke3 Rh4 50. Ng4 f5 51. Ne5+ Kb5 52. g4 fxg4 53.
fxg4 Rh3+ 54. Kd4 Na6 55. Rc8 a4 56. Nc4 b3 57. axb3 axb3 58. Re8 Rg3 59. Nd2
Rxg4+ 60. Kc3 Nc5 61. Rb8+ Kc6 62. Rh8 Kd5 63. Rd8+ Kc6 64. Rh8 Rg3+ 65. Kc4
Rg4+ 66. Kc3 e5 67. Rxh6+ Kb5 68. Rh8 Rg3+ 69. Kb2 Na4+ 70. Ka3 b2+ 71. Ka2 Rg2
72. Nb1 Rh2 73. h6 Kb4 74. Nc3 Kxc3 75. h7 Rh1 76. Rc8+ Kd3 0-1

[Event "Corsica Masters KO 2011"]
[Site "Bastia FRA"]
[Date "2011.10.28"]
[Round "1.1"]
[White "Cheparinov, Ivan"]
[Black "Durarbeyli, Vasif"]
[Result "1/2-1/2"]
[WhiteElo "2650"]
[BlackElo "2526"]
[PlyCount "67"]
[EventDate "2011.10.28"]

1. d4 Nf6 2. Nf3 b6 3. c4 e6 4. g3 Bb7 5. Bg2 c5 6. d5 exd5 7. Nh4 g6 8. Nc3
Bg7 9. O-O O-O 10. Bg5 Qe8 11. Bxf6 Bxf6 12. Bxd5 Bxd5 13. Nxd5 Bxh4 14. gxh4
Qd8 15. Qd2 Nc6 16. Qf4 Nd4 17. Kh1 d6 18. e3 Ne6 19. Qh6 Ng7 20. Rg1 Re8 21.
Qf4 Nh5 22. Qg5 Re5 23. Qxd8+ Rxd8 24. Rg5 Kg7 25. Rxe5 dxe5 26. Kg2 Nf6 27.
Rd1 e4 28. f3 exf3+ 29. Kxf3 Rd6 30. e4 Re6 31. Nxf6 Kxf6 32. Rd7 Re7 33. Rd6+
Re6 34. Rd7 1/2-1/2

[Event "Corsica Masters KO 2011"]
[Site "Bastia FRA"]
[Date "2011.10.28"]
[Round "1.1"]
[White "Fressinet, Laurent"]
[Black "Battaglini, Gabriel"]
[Result "0-1"]
[WhiteElo "2696"]
[BlackElo "2452"]
[PlyCount "76"]
[EventDate "2011.10.28"]

1. d4 Nf6 2. Nf3 e6 3. c4 c5 4. d5 d6 5. Nc3 exd5 6. cxd5 g6 7. Bf4 a6 8. a4
Bg7 9. e3 O-O 10. Be2 Qe7 11. h3 Nbd7 12. O-O Ne8 13. Nd2 f5 14. Nc4 Ne5 15.
Nb6 Rb8 16. Bh2 Nf6 17. Kh1 Nfd7 18. Nxc8 Rbxc8 19. Re1 c4 20. f4 Nd3 21. Bxd3
cxd3 22. Qxd3 Bxc3 23. bxc3 Nc5 24. Qe2 Ne4 25. c4 Rc5 26. g4 Qh4 27. Kg2 Rfc8
28. Rec1 b5 29. axb5 axb5 30. Ra7 bxc4 31. Rf1 Rxd5 32. Qf3 c3 33. gxf5 gxf5
34. Kh1 Rd2 35. Rg1+ Kh8 36. Rg2 c2 37. Rxd2 c1=Q+ 38. Bg1 Qxd2 0-1

[Event "Corsica Masters KO 2011"]
[Site "Bastia FRA"]
[Date "2011.10.28"]
[Round "1.1"]
[White "Mamedov, Rauf"]
[Black "Baron, Tal"]
[Result "0-1"]
[WhiteElo "2660"]
[BlackElo "2505"]
[PlyCount "104"]
[EventDate "2011.10.28"]

1. g3 Nf6 2. Bg2 d5 3. d3 g6 4. Nf3 Bg7 5. O-O O-O 6. Nbd2 Nc6 7. e4 e5 8. exd5
Nxd5 9. a3 h6 10. Re1 Re8 11. Rb1 a5 12. h3 Kh7 13. c3 a4 14. Ne4 b6 15. c4
Nde7 16. Be3 Be6 17. Kh2 Qd7 18. Rc1 Red8 19. Bf1 Nf5 20. Nc3 Ncd4 21. Bxd4
exd4 22. Ne4 Re8 23. Bg2 Rad8 24. Qc2 c5 25. Rb1 Ra8 26. b4 axb3 27. Rxb3 Ra6
28. Reb1 Qc7 29. Qb2 Rb8 30. Rb5 Rba8 31. Nfg5+ hxg5 32. Nxg5+ Kg8 33. Bxa8
Rxa8 34. Rxb6 Bd7 35. Ne4 Be5 36. Rb7 Qc6 37. Qd2 Nd6 38. Nxd6 Qxd6 39. Qg5 Bc6
40. R7b6 Kg7 41. Rxc6 Bxg3+ 42. Qxg3 Qxc6 43. Qe5+ Kh7 44. Qf4 Qe6 45. Rb7 Kg7
46. Rb8 Rxa3 47. Kg2 Rxd3 48. Qh4 Qc6+ 49. Kg1 Rd1+ 50. Kh2 Qh1+ 51. Kg3 Rg1+
52. Kf4 g5+ 0-1

[Event "Corsica Masters KO 2011"]
[Site "Bastia FRA"]
[Date "2011.10.28"]
[Round "1.2"]
[White "Massoni, Michael"]
[Black "Anand, Viswanathan"]
[Result "0-1"]
[WhiteElo "2304"]
[BlackElo "2817"]
[PlyCount "66"]
[EventDate "2011.10.28"]

1. e4 e5 2. Nf3 Nc6 3. Bb5 Nf6 4. d3 Bc5 5. Nc3 d6 6. Nd5 a6 7. Ba4 Nxd5 8.
exd5 b5 9. dxc6 bxa4 10. c3 O-O 11. Qxa4 Qe8 12. b4 Bb6 13. O-O Bb7 14. Qc2
Bxc6 15. Qe2 a5 16. Be3 Bxe3 17. Qxe3 axb4 18. cxb4 Ra3 19. Qc1 Rxd3 20. Nd2
Qa8 21. f3 Bd5 22. Kh1 Qa3 23. Qxa3 Rxa3 24. Rfc1 Rc8 25. Rc2 Kf8 26. h4 Ke8
27. Nc4 Bxc4 28. Rxc4 Kd7 29. b5 c5 30. bxc6+ Rxc6 31. Rg4 g6 32. h5 Ke6 33.
hxg6 hxg6 0-1

[Event "Corsica Masters KO 2011"]
[Site "Bastia FRA"]
[Date "2011.10.28"]
[Round "1.2"]
[White "Baron, Tal"]
[Black "Mamedov, Rauf"]
[Result "0-1"]
[WhiteElo "2505"]
[BlackElo "2660"]
[PlyCount "82"]
[EventDate "2011.10.28"]

1. e4 c5 2. Nf3 e6 3. d4 cxd4 4. Nxd4 a6 5. Nc3 Qc7 6. Be2 b5 7. O-O Bb7 8. Re1
d6 9. Bh5 g6 10. Bf3 Nd7 11. a4 bxa4 12. Rxa4 Ngf6 13. Nb3 Ne5 14. Be2 h5 15.
Be3 Be7 16. h3 O-O 17. f4 Ned7 18. Bf3 Nb6 19. Ra2 Nc4 20. Bc1 Rfd8 21. Kh1 d5
22. e5 Ne4 23. Bxe4 dxe4 24. Qe2 Bb4 25. Ra4 a5 26. Rd1 Rxd1+ 27. Nxd1 Ba6 28.
Qxe4 Rd8 29. Nf2 Bb7 30. Qe2 Qc6 31. Qf3 Qb5 32. Qe2 Qxa4 33. Qxc4 Bd5 34. Qc7
Qd7 35. Qxd7 Rxd7 36. Nd4 Bc5 37. c3 Bxd4 38. cxd4 Rc7 39. Bd2 Rc2 40. Be1 Rxb2
41. Kg1 a4 0-1

[Event "Corsica Masters KO 2011"]
[Site "Bastia FRA"]
[Date "2011.10.28"]
[Round "1.2"]
[White "Battaglini, Gabriel"]
[Black "Fressinet, Laurent"]
[Result "1/2-1/2"]
[WhiteElo "2452"]
[BlackElo "2696"]
[PlyCount "120"]
[EventDate "2011.10.28"]

1. d4 d6 2. e4 g6 3. Nc3 Bg7 4. Nf3 Nf6 5. Be3 a6 6. Bd3 O-O 7. O-O b5 8. a4 b4
9. Ne2 Bb7 10. Ng3 Nbd7 11. Qd2 c5 12. c3 bxc3 13. bxc3 Qc7 14. Bh6 e5 15. Qg5
Ne8 16. Bxg7 Kxg7 17. Nf5+ Kh8 18. Ne7 Ndf6 19. dxe5 Qxe7 20. exf6 Qxf6 21.
Qxf6+ Nxf6 22. e5 Ne8 23. exd6 Bxf3 24. d7 Nf6 25. gxf3 Nxd7 26. a5 Ne5 27. Be2
g5 28. Rab1 c4 29. Rfd1 Rab8 30. h4 h6 31. hxg5 hxg5 32. Kg2 f6 33. Kg3 Rb5 34.
Rxb5 axb5 35. Rb1 Rb8 36. f4 gxf4+ 37. Kxf4 Kg7 38. Ke4 Kf7 39. f4 Nc6 40. Rxb5
Re8+ 41. Kf3 Rc8 42. Bxc4+ Kg7 43. Rb7+ Kg6 44. Bd3+ f5 45. Rb6 Kg7 46. Ba6 Rc7
47. Rb7 Rxb7 48. Bxb7 Nxa5 49. Bd5 Kf6 50. Ke3 Ke7 51. Kd4 Kd6 52. Bg8 Nc6+ 53.
Kc4 Ne7 54. Bh7 Kc6 55. Kd4 Kd6 56. c4 Nc6+ 57. Kc3 Ne7 58. Kd4 Nc6+ 59. Kc3
Ne7 60. Kd4 Nc6+ 1/2-1/2

[Event "Corsica Masters KO 2011"]
[Site "Bastia FRA"]
[Date "2011.10.28"]
[Round "1.2"]
[White "Grigoryan, Avetik"]
[Black "Melkumyan, Hrant"]
[Result "1-0"]
[WhiteElo "2614"]
[BlackElo "2619"]
[PlyCount "93"]
[EventDate "2011.10.28"]

1. Nf3 g6 2. c4 Bg7 3. Nc3 c5 4. a3 Nc6 5. Rb1 a5 6. g3 e5 7. Bg2 Nge7 8. O-O
O-O 9. d3 d6 10. Ne1 h6 11. Nc2 f5 12. b4 axb4 13. axb4 e4 14. Nd5 Nxd5 15.
cxd5 Nxb4 16. Nxb4 cxb4 17. dxe4 Qa5 18. Bb2 Bc3 19. Bxc3 bxc3 20. Qd4 Qc5 21.
Qxc5 dxc5 22. Rfc1 Ra3 23. Rb5 c4 24. e5 Rd8 25. d6 Be6 26. Rxb7 Kf8 27. f4 Rb3
28. Re7 Re8 29. Rc7 Reb8 30. Kf2 g5 31. Re7 Re8 32. Rxe8+ Kxe8 33. Ke3 Kd7 34.
Kd4 Rb2 35. Rxc3 Rxe2 36. Bf3 Ra2 37. h4 g4 38. Bb7 Re2 39. Kc5 Ra2 40. Bc6+
Kd8 41. Bb5 Ra5 42. Kb4 Ra1 43. Bxc4 Bc8 44. Ra3 Rc1 45. Ra8 Rb1+ 46. Kc5 Rc1
47. e6 1-0

[Event "Corsica Masters KO 2011"]
[Site "Bastia FRA"]
[Date "2011.10.28"]
[Round "1.2"]
[White "Arnold, Marc T"]
[Black "Sasikiran, Krishnan"]
[Result "1-0"]
[WhiteElo "2505"]
[BlackElo "2689"]
[PlyCount "72"]
[EventDate "2011.10.28"]

1. d4 Nf6 2. c4 e6 3. Nc3 Bb4 4. e3 O-O 5. Bd3 d5 6. cxd5 exd5 7. Nge2 Re8 8.
O-O b6 9. a3 Bf8 10. b4 Bb7 11. Rb1 a6 12. Bd2 Nbd7 13. f3 Rb8 14. g4 g6 15.
Ng3 h6 16. Nce2 c5 17. Kg2 cxb4 18. axb4 b5 19. h4 Nb6 20. g5 hxg5 21. hxg5
Nfd7 22. f4 Nc4 23. Rf3 Bg7 24. Bc1 Rc8 25. Qh1 Nf8 26. Qh4 Rc6 27. f5 Nh7 28.
f6 Nxf6 29. gxf6 Rxf6 30. Nf4 Nd6 31. Bd2 Ne4 32. Bxe4 dxe4 33. Rf2 Qd7 34. Rh1
Rc8 35. Qh7+ Kf8 36. Nxg6+ Ke8 1-0

[Event "Corsica Masters KO 2011"]
[Site "Bastia FRA"]
[Date "2011.10.28"]
[Round "1.2"]
[White "Durarbeyli, Vasif"]
[Black "Cheparinov, Ivan"]
[Result "0-1"]
[WhiteElo "2526"]
[BlackElo "2650"]
[PlyCount "138"]
[EventDate "2011.10.28"]

1. e4 e5 2. Nf3 Nc6 3. Bb5 Nf6 4. Qe2 Bc5 5. d3 d6 6. c3 O-O 7. Bg5 Bd7 8. Nbd2
Bb6 9. a4 a6 10. Bc4 Be6 11. O-O Re8 12. Rfd1 Qe7 13. Nf1 Bxc4 14. dxc4 h6 15.
Bxf6 Qxf6 16. Ne3 Bxe3 17. Qxe3 b6 18. b3 a5 19. Nd2 Nd8 20. Nf1 Ne6 21. Ng3
Kh7 22. Nf5 Nc5 23. Rab1 Qg5 24. f3 g6 25. Qxg5 hxg5 26. Ne3 Kg7 27. Nd5 Ra7
28. Kf2 Rb8 29. Ne7 Re8 30. Nd5 f5 31. exf5 gxf5 32. h3 Rb7 33. Ne3 Kg6 34. Rd5
Rbb8 35. Rdd1 Re7 36. Nd5 Rf7 37. b4 axb4 38. cxb4 Nxa4 39. Rdc1 c6 40. Nc3
Nxc3 41. Rxc3 Kf6 42. Rd3 Ke6 43. Ra1 Rd7 44. Ra6 f4 45. g3 d5 46. c5 bxc5 47.
Rxc6+ Rd6 48. Rxc5 Rxb4 49. Rd2 e4 50. fxe4 dxe4 51. Re2 f3 52. Ra2 Rd5 53. Rc8
Ke5 54. Re8+ Kd6 55. Rd8+ Ke6 56. Re8+ Kd7 57. Rg8 Rdb5 58. Ke3 Re5 59. Rg6 Kc7
60. Ra7+ Kb8 61. Ra3 Rf5 62. Ra2 Rb3+ 63. Kxe4 f2 64. Kxf5 f1=Q+ 65. Kg4 Qf3+
66. Kxg5 Qxg3+ 67. Kh6 Qh4+ 68. Kg7 Rb7+ 69. Kf8 Qd8# 0-1

[Event "Corsica Masters KO 2011"]
[Site "Bastia FRA"]
[Date "2011.10.28"]
[Round "1.3"]
[White "Arnold, Marc T"]
[Black "Sasikiran, Krishnan"]
[Result "0-1"]
[WhiteElo "2505"]
[BlackElo "2689"]
[PlyCount "59"]
[EventDate "2011.10.28"]

1. d4 Nf6 2. c4 g6 3. Nf3 Bg7 4. Nc3 O-O 5. e4 d6 6. Be2 e5 7. O-O Nc6 8. d5
Ne7 9. Ne1 Nd7 10. Nd3 f5 11. f3 h5 12. Bd2 f4 13. Rc1 g5 14. c5 Nf6 15. Nf2
Ng6 16. Nb5 Rf7 17. a4 Bf8 18. cxd6 Bxd6 19. Nxd6 cxd6 20. a5 Rg7 21. h3 Nh4
22. Be1 Bd7 23. Nd3 Ng6 24. Bb4 g4 25. hxg4 hxg4 26. Bxd6 g3 27. Nxe5 Nxe5 28.
Bxe5 Ng4 29. Bc4 Qh4 30. Re1 0-1

[Event "Corsica Masters KO 2011"]
[Site "Bastia FRA"]
[Date "2011.10.28"]
[Round "1.4"]
[White "Mamedov, Rauf"]
[Black "Baron, Tal"]
[Result "1-0"]
[WhiteElo "2660"]
[BlackElo "2505"]
[PlyCount "69"]
[EventDate "2011.10.28"]

1. c4 Nf6 2. g3 e5 3. Bg2 d5 4. cxd5 Nxd5 5. Nc3 Nb6 6. Nf3 Nc6 7. O-O Be7 8.
d3 O-O 9. a4 a5 10. Be3 Be6 11. Nb5 Nd5 12. Bd2 Qd7 13. Rc1 Rfd8 14. Ng5 Bxg5
15. Bxg5 f6 16. Bd2 Nd4 17. e4 Nb6 18. Rxc7 Qe8 19. Nxd4 Rxd4 20. Be3 Rb4 21.
Rxb7 Nxa4 22. Rxb4 axb4 23. Qd2 Qb5 24. d4 exd4 25. Qxd4 Rc8 26. Rd1 Qe2 27.
Bf1 Qxb2 28. Qd6 Bb3 29. Rd2 Qe5 30. Qxb4 Rb8 31. Bc4+ Kh8 32. Bxb3 Nc3 33. Bf4
Ne2+ 34. Rxe2 Qa1+ 35. Re1 1-0

[Event "Corsica Masters KO 2011"]
[Site "Bastia FRA"]
[Date "2011.10.29"]
[Round "2.1"]
[White "Anand, Viswanathan"]
[Black "Grigoryan, Avetik"]
[Result "1-0"]
[WhiteElo "2817"]
[BlackElo "2614"]
[PlyCount "146"]
[EventDate "2011.10.28"]

1. d4 d5 2. c4 c6 3. Nf3 e6 4. Qc2 Nf6 5. g3 dxc4 6. Qxc4 b5 7. Qc2 Bb7 8. Bg2
Nbd7 9. Ne5 Nxe5 10. dxe5 Nd7 11. O-O Be7 12. Rd1 Qb6 13. Bf4 c5 14. Bxb7 Qxb7
15. Nc3 O-O 16. Qd3 Rfd8 17. Qxb5 Qxb5 18. Nxb5 g5 19. Be3 a6 20. Nd6 Nxe5 21.
Bxc5 Kf8 22. b4 f5 23. Nb7 Rdb8 24. Na5 Bxc5 25. bxc5 Rb5 26. Nb3 Ke7 27. Rd6
Nc4 28. Rd3 Na5 29. Nd4 Rxc5 30. Re3 Rd5 31. Nxe6 Nc4 32. Rc3 Kxe6 33. Rxc4
Rad8 34. Kg2 Rd2 35. Ra4 R8d6 36. Kf3 Rc6 37. Re1 Rc3+ 38. Kg2 Rc6 39. Ra5 Kf6
40. h3 Kg6 41. g4 f4 42. Ra3 h5 43. Kf3 Re6 44. Ra5 h4 45. Rc1 Rexe2 46. Rxa6+
Kf7 47. Rc7+ Re7 48. Rxe7+ Kxe7 49. Rg6 Rd5 50. Ra6 Rd2 51. a4 Ra2 52. a5 Ra4
53. Ra8 Kf7 54. a6 Kg7 55. a7 Kh7 56. Ke2 Kg7 57. Kd3 Kh7 58. Kc3 Kg7 59. Kb3
Ra1 60. Kc4 Ra5 61. Kb4 Ra1 62. Kb5 Rb1+ 63. Kc6 Ra1 64. Kd6 Ra6+ 65. Kc7 Ra2
66. Kb6 Rb2+ 67. Kc6 Ra2 68. Rd8 Rxa7 69. Rd7+ Rxd7 70. Kxd7 Kf7 71. Kd6 Kf6
72. Kd5 f3 73. Kd6 Kf7 1-0

[Event "Corsica Masters KO 2011"]
[Site "Bastia FRA"]
[Date "2011.10.29"]
[Round "2.1"]
[White "Cheparinov, Ivan"]
[Black "Battaglini, Gabriel"]
[Result "1/2-1/2"]
[WhiteElo "2650"]
[BlackElo "2452"]
[PlyCount "97"]
[EventDate "2011.10.28"]

1. d4 Nf6 2. c4 e6 3. Nf3 d5 4. Nc3 Bb4 5. cxd5 exd5 6. Bg5 Nbd7 7. Qc2 h6 8.
Bf4 O-O 9. e3 c5 10. Be2 Qa5 11. O-O Bxc3 12. bxc3 c4 13. Ne5 Nxe5 14. Bxe5 Ne4
15. Rac1 Bf5 16. Qb2 Qb6 17. Qa3 f6 18. Bf4 g5 19. Bg3 Nxg3 20. hxg3 Rfe8 21.
Rfe1 Kg7 22. Bf3 Qc6 23. Rcd1 a5 24. Qc5 Qxc5 25. dxc5 Bd3 26. Bxd5 Rac8 27.
Bxb7 Rxc5 28. Bf3 Rb8 29. Be2 Bxe2 30. Rxe2 g4 31. Red2 a4 32. Kf1 a3 33. Ke2
h5 34. e4 Rcb5 35. Ke3 Rb2 36. Rxb2 Rxb2 37. Rd2 Kf7 38. f3 Ke6 39. Ke2 Ke5 40.
Ke3 Ke6 41. f4 Ke7 42. Ke2 Ke6 43. Ke3 Ke7 44. f5 Ke8 45. Ke2 Ke7 46. Ke3 Ke8
47. Ke2 Ke7 48. Ke3 Ke8 49. Kd4 1/2-1/2

[Event "Corsica Masters KO 2011"]
[Site "Bastia FRA"]
[Date "2011.10.29"]
[Round "2.1"]
[White "Sasikiran, Krishnan"]
[Black "Mamedov, Rauf"]
[Result "1-0"]
[WhiteElo "2689"]
[BlackElo "2660"]
[PlyCount "69"]
[EventDate "2011.10.28"]

1. d4 d6 2. Nf3 g6 3. g3 Bg7 4. Bg2 Nd7 5. O-O e5 6. c4 exd4 7. Nxd4 Ne7 8. Nc3
O-O 9. e4 Nc6 10. Nde2 a5 11. Rb1 Nc5 12. Be3 Re8 13. Qd2 Bg4 14. f3 Be6 15.
Nd5 Ne5 16. b3 Bxd5 17. cxd5 Ned7 18. Rfe1 Qe7 19. Bg5 Bf6 20. h4 Bxg5 21. hxg5
f6 22. gxf6 Qxf6 23. Nd4 Ne5 24. Re3 a4 25. Rc1 axb3 26. axb3 Ra3 27. f4 Ng4
28. e5 dxe5 29. Rxc5 Qf8 30. Rc1 exd4 31. Rxe8 Qxe8 32. Qxd4 Qe3+ 33. Qxe3 Nxe3
34. Bh3 Rxb3 35. d6 1-0

[Event "Corsica Masters KO 2011"]
[Site "Bastia FRA"]
[Date "2011.10.29"]
[Round "2.2"]
[White "Mamedov, Rauf"]
[Black "Sasikiran, Krishnan"]
[Result "1-0"]
[WhiteElo "2660"]
[BlackElo "2689"]
[PlyCount "136"]
[EventDate "2011.10.28"]

1. c4 g6 2. g3 Bg7 3. Bg2 e5 4. Nf3 d6 5. O-O Nf6 6. d4 Nbd7 7. b3 O-O 8. Bb2
Re8 9. dxe5 Ng4 10. Nc3 dxe5 11. h3 Ngf6 12. Qc2 c6 13. Rad1 Qc7 14. Ng5 Nc5
15. Ba3 Bf8 16. b4 Ne6 17. Nge4 Nxe4 18. Nxe4 Be7 19. e3 a5 20. c5 axb4 21.
Bxb4 Ng5 22. Nd6 Bxh3 23. Nxe8 Rxe8 24. Bxh3 Nxh3+ 25. Kg2 Ng5 26. f4 Ne6 27.
Qc4 Ng7 28. fxe5 Nf5 29. Rf3 Bg5 30. Re1 Qxe5 31. e4 Qd4 32. Qxd4 Nxd4 33. Rf2
Ne6 34. Rd1 Be3 35. Rc2 Re7 36. Rd3 Bd4 37. Rc4 Be5 38. Bd2 Kg7 39. Be3 h5 40.
Rb4 Bf6 41. Rdb3 Nd8 42. Bf4 Be5 43. Be3 Rd7 44. Kf3 Kf6 45. a4 g5 46. Kg2 Kg6
47. a5 Rd1 48. Rb1 Rd3 49. R4b3 Rd7 50. Rc1 f6 51. Rc2 Ne6 52. Rb4 h4 53. gxh4
gxh4 54. Rd2 Rh7 55. Rb3 h3+ 56. Kh1 Ng5 57. Rd1 Nxe4 58. Rg1+ Kf5 59. Rf1+ Kg4
60. Rg1+ Kf5 61. Rf1+ Kg4 62. Bf2 h2 63. Be1 Rd7 64. Re3 f5 65. Re2 Rd1 66. Kg2
Ng3 67. Bxg3 Rxf1 68. Bxh2 Bxh2 1-0

[Event "Corsica Masters KO 2011"]
[Site "Bastia FRA"]
[Date "2011.10.29"]
[Round "2.2"]
[White "Grigoryan, Avetik"]
[Black "Anand, Viswanathan"]
[Result "1/2-1/2"]
[WhiteElo "2614"]
[BlackElo "2817"]
[PlyCount "105"]
[EventDate "2011.10.28"]

1. Nf3 Nf6 2. c4 e6 3. g3 d5 4. Bg2 Be7 5. O-O O-O 6. d4 dxc4 7. Qc2 a6 8. a4
Bd7 9. Qxc4 Bc6 10. Bf4 a5 11. Nc3 Na6 12. Rac1 Nb4 13. Ne5 Bxg2 14. Kxg2 Nfd5
15. Nxd5 Nxd5 16. Bd2 c6 17. e4 Nb4 18. Rfd1 Bd6 19. Nf3 Qd7 20. h4 b5 21. axb5
cxb5 22. Qe2 Rfc8 23. Rxc8+ Rxc8 24. Bc3 Qb7 25. d5 exd5 26. exd5 Nxd5 27. Bxa5
Ra8 28. Qd2 Bf8 29. Qxd5 Qxd5 30. Rxd5 Rxa5 31. Nd4 Ra4 32. b3 Ra2 33. Rxb5 g6
34. Kf3 h5 35. b4 Bg7 36. Rb8+ Kh7 37. Nc6 Bc3 38. Rb7 Kg8 39. Re7 Rb2 40. Re4
Kg7 41. Rf4 f6 42. Re4 g5 43. Re2 g4+ 44. Ke3 Rb3 45. Ke4 Bxb4 46. Nd4 Rc3 47.
Rb2 Bc5 48. Nf5+ Kg6 49. Nd4 Bxd4 50. Kxd4 Rf3 51. Ke4 Kh6 52. Rc2 Kg6 53. Rb2
1/2-1/2

[Event "Corsica Masters KO 2011"]
[Site "Bastia FRA"]
[Date "2011.10.29"]
[Round "2.3"]
[White "Battaglini, Gabriel"]
[Black "Cheparinov, Ivan"]
[Result "0-1"]
[WhiteElo "2452"]
[BlackElo "2650"]
[PlyCount "96"]
[EventDate "2011.10.28"]

1. d4 Nf6 2. c4 g6 3. Nc3 Bg7 4. e4 d6 5. f3 O-O 6. Be3 e5 7. d5 Nh5 8. Qd2 f5
9. O-O-O a6 10. Kb1 Nd7 11. Bd3 Nc5 12. Bc2 b5 13. b4 Nb7 14. cxb5 axb5 15.
Nge2 Bd7 16. h3 fxe4 17. fxe4 Nf4 18. g3 Nxe2 19. Qxe2 Qe7 20. Bb3 Nd8 21. h4
h5 22. Bg5 Bf6 23. Bh6 Bg7 24. Bg5 Bf6 25. Bxf6 Rxf6 26. Rdf1 Rb8 27. Rxf6 Qxf6
28. Rf1 Qe7 29. Qe3 Nf7 30. Qa7 Qd8 31. Rc1 Ra8 32. Qe3 Kg7 33. Rg1 Nh6 34. Qd3
Qb8 35. Rf1 Ng4 36. Nd1 Nf6 37. Ne3 Qb6 38. Rc1 Rf8 39. Bd1 Rf7 40. Kb2 Qd4+
41. Qxd4 exd4 42. Nc2 d3 43. Nd4 Nxe4 44. Rxc7 Nf2 45. Bb3 d2 46. a4 bxa4 47.
Rxd7 axb3 48. Ne6+ Kf6 0-1

[Event "Corsica Masters KO 2011"]
[Site "Bastia FRA"]
[Date "2011.10.29"]
[Round "2.3"]
[White "Mamedov, Rauf"]
[Black "Sasikiran, Krishnan"]
[Result "0-1"]
[WhiteElo "2660"]
[BlackElo "2689"]
[PlyCount "126"]
[EventDate "2011.10.28"]

1. c4 Nf6 2. g3 c6 3. Bg2 d5 4. Nf3 g6 5. O-O Bg7 6. cxd5 cxd5 7. d4 O-O 8. Nc3
Ne4 9. Be3 Nc6 10. Rc1 Bf5 11. Nh4 Nxc3 12. bxc3 Be6 13. Nf3 Rc8 14. Bf4 Na5
15. Ng5 Bf5 16. e4 dxe4 17. Nxe4 b6 18. Re1 Qd7 19. Nd2 Rfe8 20. Nf3 Bg4 21.
Qd3 Nc4 22. Ne5 Nxe5 23. Bxe5 f6 24. Bf4 e5 25. Be3 Bf5 26. Qa6 Bh3 27. Bxh3
Qxh3 28. Qxa7 Rc6 29. d5 Rd6 30. c4 f5 31. f4 e4 32. Qa4 Red8 33. Qb3 Qh5 34.
a4 Qf3 35. Qd1 Qh5 36. Qxh5 gxh5 37. Rb1 Ra8 38. Rxb6 Rxb6 39. Bxb6 Rxa4 40. d6
Rxc4 41. d7 Bd4+ 42. Bxd4 Rxd4 43. Ra1 Rxd7 44. Ra5 Rf7 45. Kf2 Kg7 46. Ke3 Kg6
47. Ra6+ Kg7 48. Ra5 Kg6 49. Ra6+ Kg7 50. Ra5 h4 51. gxh4 Kg6 52. Ra6+ Kh5 53.
h3 Kxh4 54. Rh6+ Kg3 55. Rh5 Kg2 56. Ke2 Kh2 57. Ke3 Kg3 58. h4 Kg4 59. Rh6 Rd7
60. Ke2 Kxf4 61. h5 Kg5 62. Re6 Rd3 63. h6 Rh3 0-1

[Event "Corsica Masters KO 2011"]
[Site "Bastia FRA"]
[Date "2011.10.29"]
[Round "2.4"]
[White "Cheparinov, Ivan"]
[Black "Battaglini, Gabriel"]
[Result "1-0"]
[WhiteElo "2650"]
[BlackElo "2452"]
[PlyCount "77"]
[EventDate "2011.10.28"]

1. d4 Nf6 2. c4 e6 3. Nf3 c5 4. e3 cxd4 5. exd4 d5 6. Nc3 Nc6 7. Bd3 dxc4 8.
Bxc4 Be7 9. O-O O-O 10. Re1 Nb4 11. Bg5 b6 12. Ne5 Bb7 13. Qe2 Nbd5 14. Rad1 h6
15. Bc1 Rc8 16. Rd3 Nxc3 17. bxc3 b5 18. Bb3 Ne4 19. Qg4 Nf6 20. Qh3 Nh7 21.
Rg3 Bg5 22. f4 Bh4 23. Ree3 Bxg3 24. Rxg3 Kh8 25. f5 Qf6 26. fxe6 g5 27. Nxf7+
Kg7 28. Re3 Rce8 29. Bd2 Bc8 30. d5 a5 31. Qg3 a4 32. Bd1 Bb7 33. c4 Kg8 34.
Bc3 Qg6 35. Qe5 Qf6 36. Qxf6 Nxf6 37. Bxf6 bxc4 38. Bc2 Bxd5 39. Nxh6# 1-0

[Event "Corsica Masters KO 2011"]
[Site "Bastia FRA"]
[Date "2011.10.29"]
[Round "2.4"]
[White "Sasikiran, Krishnan"]
[Black "Mamedov, Rauf"]
[Result "1/2-1/2"]
[WhiteElo "2689"]
[BlackElo "2660"]
[PlyCount "92"]
[EventDate "2011.10.28"]

1. d4 d6 2. Nf3 g6 3. g3 Bg7 4. Bg2 Nd7 5. c4 e5 6. Nc3 exd4 7. Nxd4 Ngf6 8.
O-O O-O 9. e4 a6 10. Qc2 Rb8 11. Rd1 Re8 12. h3 c5 13. Nf3 b5 14. Rxd6 b4 15.
Na4 Nxe4 16. Rd3 Qa5 17. Bf4 Rb7 18. Re3 Ndf6 19. Rae1 Bf5 20. Ng5 Rbe7 21.
Nxe4 Nxe4 22. Bxe4 b3 23. Qxb3 Bxe4 24. Nc3 f5 25. f3 Bd4 26. fxe4 Rxe4 27. Kf2
Bxe3+ 28. Rxe3 Rxe3 29. Bxe3 Qd8 30. Nd5 f4 31. Bxf4 g5 32. Be3 Rf8+ 33. Ke2
Qd7 34. g4 Qe6 35. Qd3 h5 36. Kd2 hxg4 37. hxg4 Rf7 38. Bxc5 a5 39. Ne7+ Kg7
40. Nf5+ Kg8 41. Qd8+ Kh7 42. Qd3 Kg8 43. Qd8+ Kh7 44. Qd3 Kg8 45. Qd8+ Kh7 46.
Qd3 Kh8 1/2-1/2

[Event "Corsica Masters KO 2011"]
[Site "Bastia FRA"]
[Date "2011.10.29"]
[Round "3.1"]
[White "Anand, Viswanathan"]
[Black "Sasikiran, Krishnan"]
[Result "1/2-1/2"]
[WhiteElo "2817"]
[BlackElo "2689"]
[PlyCount "82"]
[EventDate "2011.10.28"]

1. d4 Nf6 2. c4 e6 3. Nf3 b6 4. g3 Ba6 5. Qb3 c6 6. Nc3 d5 7. cxd5 cxd5 8. Ne5
Be7 9. Bg2 O-O 10. O-O Bb7 11. Rd1 Nc6 12. Bf4 Na5 13. Qc2 Rc8 14. Rac1 b5 15.
Qd3 a6 16. b3 Nc6 17. Nxc6 Rxc6 18. Nb1 Qd7 19. Rxc6 Bxc6 20. Rc1 Rc8 21. Nd2
Qb7 22. Nf3 b4 23. Ne5 Bb5 24. Qd1 Rxc1 25. Bxc1 Qc8 26. Bb2 Nd7 27. Nxd7 Bxd7
28. e4 dxe4 29. Bxe4 f5 30. Bd3 Bb5 31. d5 Bxd3 32. Qxd3 Qd7 33. Qxa6 Qxd5 34.
Qc4 Qd7 35. Qd4 Qxd4 36. Bxd4 Kf7 37. Kf1 Bf6 38. Bc5 Be7 39. Bd4 Bf6 40. Bc5
Be7 41. Bd4 Bf6 1/2-1/2

[Event "Corsica Masters KO 2011"]
[Site "Bastia FRA"]
[Date "2011.10.29"]
[Round "3.4"]
[White "Anand, Viswanathan"]
[Black "Sasikiran, Krishnan"]
[Result "1-0"]
[WhiteElo "2817"]
[BlackElo "2689"]
[PlyCount "74"]
[EventDate "2011.10.28"]

1. e4 c5 2. Nf3 d6 3. Bb5+ Nd7 4. d4 Ngf6 5. Nc3 cxd4 6. Qxd4 e5 7. Qd3 h6 8.
Be3 a6 9. Bc4 b5 10. Bb3 Be7 11. a4 b4 12. Nd5 Bb7 13. Nd2 Nxd5 14. Bxd5 Bxd5
15. Qxd5 O-O 16. Nc4 Rc8 17. O-O Nf6 18. Qd3 d5 19. exd5 e4 20. Qe2 Qc7 21. Nb6
Qxc2 22. Qxa6 Rcd8 23. a5 Qxb2 24. Qb7 Qe5 25. Nc4 Qxd5 26. Qxe7 Qxc4 27. Rfc1
Qb5 28. Qc5 Qa6 29. Qxb4 Nd5 30. Qxe4 Rfe8 31. Qc4 Qa8 32. Bb6 Rc8 33. Qd4
Rxc1+ 34. Rxc1 Nf6 35. h3 Ne4 36. Re1 Nf6 37. Rxe8+ Nxe8 1-0